Who's who in Saudi Arabia. 1976-77 (Record no. 26489)

MARC details
000 -LEADER
fixed length control field 00275nam a2200109Ia 4500
082 ## - DEWEY DECIMAL CLASSIFICATION NUMBER
Classification number 929(532)
Item number SAR
100 ## - MAIN ENTRY--AUTHOR NAME
Personal name Sarhan, Samir
245 #0 - TITLE STATEMENT
Title Who's who in Saudi Arabia. 1976-77
260 ## - PUBLICATION, DISTRIBUTION, ETC. (IMPRINT)
Place of publication Jeddah
Name of publisher Tihama
Year of publication 1977
942 ## - ADDED ENTRY ELEMENTS (KOHA)
Koha item type Books
Holdings
Withdrawn status Lost status Damaged status Not for loan Home library Current library Date acquired Cost, normal purchase price Full call number Accession Number Koha item type
      Weed out RRII Library RRII Library 16/12/2021 20.00 929(532) SAR 07122 Books